000 00487nam a22001937a 4500
003 koha_MIRAKIL
005 20231213100008.0
008 231213b |||||||| |||| 00| 0 ||| d
020 _b978-9-75999377-1
040 _aTR-IsEVY
_btur
_cTR-IsEVY
082 _a925 BEN/G
100 _aBendick, Jeanne.
245 0 _aGalileo Galilei kimdi ?
260 _bBeyaz Balina Yayınları,
_c2009
300 _a118 s.
650 _aAstronomers.
650 _aAstronomlar.
942 _2ddc
_cBK
999 _c12806
_d12806